Thames gateway proves a success (Record no. 66318)

MARC details
000 -LEADER
fixed length control field 00993cam a2200193 4500
001 - CONTROL NUMBER
control field WB3710-10
008 - FIXED-LENGTH DATA ELEMENTS--GENERAL INFORMATION
fixed length control field 000000n2001 000 0 eng u
035 ## - SYSTEM CONTROL NUMBER
System control number (Sirsi) u111294
245 ## - TITLE STATEMENT
Title Thames gateway proves a success
260 ## - PUBLICATION, DISTRIBUTION, ETC.
Date of publication, distribution, etc. 2001
490 ## - SERIES STATEMENT
Series statement DETR Press Release
Volume/sequential designation (pr104) 1 March 2001, (1)
520 ## - SUMMARY, ETC.
Summary, etc. A research report commissioned by the DETR, reviewing progress in the Thames Gateway since planning guidance was produced in 1995, has been published. This indicates that growth in the area has been a success. It suggests that the establishment of a single body with overall responsibility for the area's development was a key component in this success. For copies of the report, priced at £25 (+p&p), contact: DETR Publications Sale Centre, Unit 21, Goldthorpe Industrial Estate, Goldthorpe, Rotherham, S63 9BL.
590 ## - LOCAL NOTE (RLIN)
Local note WB
650 ## - SUBJECT ADDED ENTRY--TOPICAL TERM
Topical term or geographic name entry element DETR
650 ## - SUBJECT ADDED ENTRY--TOPICAL TERM
Topical term or geographic name entry element THAMES GATEWAY
650 ## - SUBJECT ADDED ENTRY--TOPICAL TERM
Topical term or geographic name entry element PLANNING POLICY
690 ## - LOCAL SUBJECT ADDED ENTRY--TOPICAL TERM (OCLC, RLIN)
Topical term or geographic name as entry element PROPERTY-PROPERTY DEVELOPMENT
942 ## - ADDED ENTRY ELEMENTS (KOHA)
Suppress in OPAC 0
Holdings
Withdrawn status Lost status Source of classification or shelving scheme Damaged status Not for loan Home library Current library Shelving location Date acquired Total Checkouts Full call number Barcode Date last seen Copy number Price effective from Koha item type
    Dewey Decimal Classification     London London News article 07/03/2001   WB3710-10 111294-1001 06/08/2019 1 06/08/2019 News article